UBT Library

Agape love : (Record no. 38891)

000 -LEADER
fixed length control field 00665cam a2200217 a 4500
001 - CONTROL NUMBER
control field 2631622
005 - DATE AND TIME OF LATEST TRANSACTION
control field 20171214035112.0
008 - FIXED-LENGTH DATA ELEMENTS--GENERAL INFORMATION
fixed length control field 990625s1999 pau 000 0 eng
010 ## - LIBRARY OF CONGRESS CONTROL NUMBER
LC control number 99037801
020 ## - INTERNATIONAL STANDARD BOOK NUMBER
International Standard Book Number 1890151297 (alk. paper)
040 ## - CATALOGING SOURCE
Original cataloging agency DLC
Transcribing agency DLC
Modifying agency DLC
041 ## - LANGUAGE CODE
Language code of text/sound track or separate title eng
080 ## - UNIVERSAL DECIMAL CLASSIFICATION NUMBER
Universal Decimal Classification number 2 TEM
082 00 - DEWEY DECIMAL CLASSIFICATION NUMBER
Classification number 2 TEM
Edition number 21
100 1# - Rafti
Rafti 24
101 ## - Shkurtesa
Shkurtesa TEO
245 10 - TITLE STATEMENT
Title Agape love :
Statement of responsibility, etc John Templeton.
906 ## - LOCAL DATA ELEMENT F, LDF (RLIN)
a 7
b cbc
c orignew
d 1
e ocip
f 19
g y-gencatlg
942 ## - ADDED ENTRY ELEMENTS (KOHA)
Source of classification or shelving scheme
Item type Books
Holdings
Withdrawn status Lost status Source of classification or shelving scheme Damaged status Not for loan Collection code Permanent location Current location Shelving location Date acquired Total Checkouts Full call number Barcode Date last seen Price effective from Koha item type
          Koleksioni i përgjithshem UBT - Lipjan UBT - Lipjan Koleksioni i përgjithshem 12/14/2017   2 TEM 002-2939089 12/14/2017 12/14/2017 Books
          Koleksioni i përgjithshem UBT - Lipjan UBT - Lipjan Koleksioni i përgjithshem 12/14/2017   2 TEM 002-2939084 12/14/2017 12/14/2017 Books
          Koleksioni i përgjithshem UBT - Lipjan UBT - Lipjan Koleksioni i përgjithshem 12/14/2017   2 TEM 002-2939079 12/14/2017 12/14/2017 Books
          Koleksioni i përgjithshem UBT - Lipjan UBT - Lipjan Koleksioni i përgjithshem 12/14/2017   2 TEM 002-2939074 12/14/2017 12/14/2017 Books
          Koleksioni i përgjithshem UBT - Lipjan UBT - Lipjan Koleksioni i përgjithshem 12/14/2017   2 TEM 002-2939069 12/14/2017 12/14/2017 Books
          Koleksioni i përgjithshem UBT - Lipjan UBT - Lipjan Koleksioni i përgjithshem 12/14/2017   2 TEM 002-2939064 12/14/2017 12/14/2017 Books
          Koleksioni i përgjithshem UBT - Lipjan UBT - Lipjan Koleksioni i përgjithshem 12/14/2017   2 TEM 002-2939049 12/14/2017 12/14/2017 Books
          Koleksioni i përgjithshem UBT - Lipjan UBT - Lipjan Koleksioni i përgjithshem 12/14/2017   2 TEM 002-2939044 12/14/2017 12/14/2017 Books
          Koleksioni i përgjithshem UBT - Lipjan UBT - Lipjan Koleksioni i përgjithshem 12/14/2017   2 TEM 002-2939039 12/14/2017 12/14/2017 Books
          Koleksioni i përgjithshem UBT - Lipjan UBT - Lipjan Koleksioni i përgjithshem 12/14/2017   2 TEM 002-2939034 12/14/2017 12/14/2017 Books
          Koleksioni i përgjithshem UBT - Lipjan UBT - Lipjan Koleksioni i përgjithshem 12/14/2017   2 TEM 002-2939088 12/14/2017 12/14/2017 Books
          Koleksioni i përgjithshem UBT - Lipjan UBT - Lipjan Koleksioni i përgjithshem 12/14/2017   2 TEM 002-2939083 12/14/2017 12/14/2017 Books
          Koleksioni i përgjithshem UBT - Lipjan UBT - Lipjan Koleksioni i përgjithshem 12/14/2017   2 TEM 002-2939078 12/14/2017 12/14/2017 Books
UBT Library © 2015-2024. All rights reserved University Education for Business and Technology